Kids come in all languages : reading instruction for ESL students

Αποθηκεύτηκε σε:
Λεπτομέρειες βιβλιογραφικής εγγραφής
Άλλοι συγγραφείς: Spangenberg-Urbschat, Karen (Επιμελητής έκδοσης), Pritchard, Robert (Επιμελητής έκδοσης)
Μορφή: Βιβλίο
Γλώσσα:English
Δημοσίευση: Newark : International Reading Association, 1994
Θέματα:
Ετικέτες: Προσθήκη ετικέτας
Δεν υπάρχουν, Καταχωρήστε ετικέτα πρώτοι!

MARC

LEADER 00000nam a2200000 i 4500
001 1/78681
008 990429s1994 eng d
020 |a 0-87207-395-5 
035 |l 10050207 
040 |a GR-MY-UA  |b gre  |e aacr 
041 0 |a eng 
082 0 |a 428.007 
245 1 0 |a Kids come in all languages :  |b reading instruction for ESL students /  |c Karen Spangenberg-Urbschat, Robert Pritchard editors 
260 |a Newark :   |b International Reading Association,   |c 1994 
300 |a 231 p. 
650 0 0 |a English language  |x Study and teaching  |x Foreign speakers. 
650 0 0 |a Reading. 
700 1 |a Spangenberg-Urbschat, Karen.  |4 edt 
700 1 |a Pritchard, Robert.  |4 edt 
852 |a INST  |b RHODES  |e 19990429  |h 428.007 KID  |p 005400015388  |q 005400015388  |t BK  |y 0 
901 |a BIBL-1999-1 
909 |a Ρ  |b 064880  |c 1999 
922 |a 4ΕΛΗ  |b 199903  |d LEADER